| 000 | 01771cam a2200313 i 4500 | ||
|---|---|---|---|
| 003 | SA-RiAUC | ||
| 005 | 20250612060406.0 | ||
| 008 | 250605t2009 su g 000 0 ara c | ||
| 020 | _z978603010822 | ||
| 024 | 0 | _a00000000281101 | |
| 040 |
_aSA-JeALM _bara _cSA-RiAUC _dKAC _erda |
||
| 082 | 0 | 4 |
_a253.26 _qSA-RiAUC |
| 090 |
_a253.26 _bب ق م |
||
| 100 | 1 |
_aالبقمي، صالح بن زابن، _d1366 هجري- _eمؤلف. |
|
| 245 | 1 | 0 |
_aبيع الحلي بجنسه : _bدراسة فقهية / _cتأليف الأستاذ الدكتور صالح بن زابن المرزوقي البقمي. |
| 264 | 1 |
_aالرياض : _bمكتبة الرشد ناشرون، _c[2009] |
|
| 264 | 4 | _c©2009 | |
| 300 |
_a157 صفحة ؛ _c20 × 14 سم |
||
| 336 |
_aنص _btxt _2rdacontent _3كتاب |
||
| 337 |
_aبدون وسيط _bn _2rdamedia |
||
| 338 |
_aمجلد _bnc _2rdacarrier |
||
| 500 | _aإهداء من المؤلف صالح بن زابن البقمي بتاريخ 1436/9/2 هـ | ||
| 504 | _aببليوجرافية : صفحة 127-154. | ||
| 505 | 0 | _aالمحتويات : المقدمة-المبحث الأول : شراء حلي الذهب أو الفضة بجنسه غير مصوغ حليا، المطلب الأول : تعريف الحلي، والصياغة ...-المبحث الثاني : شراء الحلي بالحلي أو شراء الحلي بثمن الحلي المبيع، المطلب الأول : شراء الحلي الجديد بالقديم ...-المبحث الثالث : الجمع بين البيع والإجارة على عمل الحلي بجنسيه. | |
| 650 | 7 |
_aالبيع (فقه إسلامي) _2aucsh |
|
| 650 | 7 |
_aالحلي (فقه إسلامي) _2aucsh |
|
| 942 |
_2ddc _cBOOK _n0 |
||
| 949 |
_aSA-JeALM _d250605 _umohamedma123 _n1 |
||
| 999 |
_c8876 _d8876 |
||